[Event "Satka Autumn 2018"]
[Site "Satka"]
[Date "2018.09.17"]
[Round "7"]
[White "Telelyukhina, Elizaveta"]
[Black "Skobochkina, Maria"]
[Result "1/2-1/2"]
[WhiteElo "1403"]
[BlackElo "1294"]
[Annotator "NA RC"]
[PlyCount "80"]
[EventDate "2018.09.11"]
[EventType "swiss"]
[EventCountry "RUS"]
[SourceTitle "playchess.com"]
[Source "ChessBase"]
[SourceQuality "1"]
[TimeControl "40/5400+30:1800+30"]

1. Nf3 {[%emt 0:00:00]} Nc6 {[%emt 0:00:03]} 2. g3 {[%emt 0:00:00]} e5 {[%emt 0:00:57]} 3. d3 {[%emt 0:00:00]} d5 {[%emt 0:01:18]} 4. Bg2 {[%emt 0:00:08]} Nf6 {[%emt 0:00:54]} 5. O-O {[%emt 0:00:31]} Be7 {[%emt 0:02:03]} 6. Nbd2 {[%emt 0:00:53]} O-O {[%emt 0:01:08]} 7. e4 {[%emt 0:01:37]} Bg4 {[%emt 0:02:22]} 8. h3 {[%emt 0:00:31]} Bh5 {[%emt 0:03:18]} 9. Re1 {[%emt 0:03:50]} Qd6 {[%emt 0:03:29]} 10. b3 {[%emt 0:03:05]} Nd4 {[%emt 0:05:39]} 11. Bb2 {[%emt 0:03:34]} Nxf3+ {[%emt 0:02:02]} 12. Nxf3 {[%emt 0:00:23]} d4 {[%emt 0:00:32]} 13. Qe2 {[%emt 0:02:02]} c5 {[%emt 0:04:38]} 14. g4 {[%emt 0:00:23]} Bg6 {[%emt 0:01:04]} 15. Nd2 {[%emt 0:03:06]} b5 {[%emt 0:01:31]} 16. f4 {[%emt 0:03:24]} h6 {[%emt 0:02:29]} 17. f5 {[%emt 0:02:43]} Bh7 {[%emt 0:00:27]} 18. Red1 {[%emt 0:02:52]} Nd7 {[%emt 0:02:04]} 19. a3 {[%emt 0:01:17]} Bg5 {[%emt 0:01:11]} 20. Nf3 {[%emt 0:02:23]} Be3+ {[%emt 0:03:08]} 21. Kh1 {[%emt 0:00:31]} Qf6 {[%emt 0:02:45]} 22. Bc1 {[%emt 0:08:15]} Bxc1 {[%emt 0:01:16]} 23. Raxc1 {[%emt 0:00:08]} Rfe8 {[%emt 0:01:07]} 24. b4 {[%emt 0:00:36]} cxb4 {[%emt 0:01:20]} 25. axb4 {[%emt 0:00:14]} Rac8 {[%emt 0:02:18]} 26. Ra1 {[%emt 0:00:39]} a6 {[%emt 0:00:47]} 27. Ra2 {[%emt 0:00:12]} Qd6 {[%emt 0:02:38]} 28. Qd2 {[%emt 0:00:15]} Rc3 {[%emt 0:02:02]} 29. Rb1 {[%emt 0:01:30]} Rec8 {[%emt 0:00:49]} 30. Qd1 {[%emt 0:01:04]} Kf8 {[%emt 0:02:11]} 31. Qd2 {[%emt 0:00:09]} Bg8 {[%emt 0:00:59]} 32. Ne1 {[%emt 0:00:33]} f6 {[%emt 0:00:46]} 33. Rab2 {[%emt 0:00:50]} Nb6 {[%emt 0:01:42]} 34. Ra1 {[%emt 0:00:10]} Na4 {[%emt 0:01:14]} 35. Rbb1 {[%emt 0:00:47]} Bf7 {[%emt 0:01:17]} 36. Bf3 {[%emt 0:02:23]} Ke7 {[%emt 0:02:49]} 37. Bd1 {[%emt 0:00:12]} R3c6 {[%emt 0:01:59]} 38. Kg2 {[%emt 0:02:38]} Nc3 {[%emt 0:01:02]} 39. Rb2 {[%emt 0:00:44]} Na4 {[%emt 0:03:31]} 40. Rbb1 {[%emt 0:00:00]} Nc3 {[%emt 0:00:00]} 1/2-1/2

[Event "Satka Autumn 2018"]
[Site "Satka"]
[Date "2018.09.17"]
[Round "7"]
[White "Nikolaeva, Daria S"]
[Black "Svetlova, Ksenia"]
[Result "0-1"]
[WhiteElo "1164"]
[BlackElo "1696"]
[Annotator "NA RC"]
[PlyCount "56"]
[EventDate "2018.09.11"]
[EventType "swiss"]
[EventCountry "RUS"]
[SourceTitle "playchess.com"]
[Source "ChessBase"]
[SourceQuality "1"]
[TimeControl "40/5400+30:1800+30"]

1. e4 {[%emt 0:00:00]} c5 {[%emt 0:00:00]} 2. Nf3 {[%emt 0:00:00]} d6 {[%emt 0:00:00]} 3. h3 {[%emt 0:00:22]} Nc6 {[%emt 0:00:00]} 4. Nc3 {[%emt 0:00:26]} g6 {[%emt 0:00:00]} 5. Bc4 {[%emt 0:00:40]} Bg7 {[%emt 0:00:05]} 6. d3 {[%emt 0:00:37]} Nf6 {[%emt 0:01:26]} 7. O-O {[%emt 0:01:19]} O-O {[%emt 0:00:06]} 8. Be3 {[%emt 0:01:22]} Na5 {[%emt 0:08:35]} 9. Bb3 {[%emt 0:04:24]} a6 {[%emt 0:01:13]} 10. e5 {[%emt 0:08:49]} dxe5 {[%emt 0:00:42]} 11. Nxe5 {[%emt 0:00:16]} Nxb3 {[%emt 0:00:08]} 12. axb3 {[%emt 0:00:22]} Nd5 {[%emt 0:00:28]} 13. d4 {[%emt 0:03:05]} Nxe3 {[%emt 0:00:57]} 14. fxe3 {[%emt 0:00:43]} Qc7 {[%emt 0:15:13]} 15. Nf3 {[%emt 0:12:24]} Rd8 {[%emt 0:01:39]} 16. Ne2 {[%emt 0:03:38]} Bf5 {[%emt 0:00:15]} 17. c3 {[%emt 0:02:44]} e5 {[%emt 0:05:30]} 18. Rc1 {[%emt 0:08:44]} Qb6 {[%emt 0:00:11]} 19. Nh4 {[%emt 0:10:58]} Be6 {[%emt 0:00:46]} 20. c4 {[%emt 0:05:43]} exd4 {[%emt 0:00:08]} 21. exd4 {[%emt 0:00:20]} cxd4 {[%emt 0:00:18]} 22. Qd3 {[%emt 0:02:00]} Qc5 {[%emt 0:00:31]} 23. Rcd1 {[%emt 0:02:19]} Rd7 {[%emt 0:02:11]} 24. Rd2 {[%emt 0:01:34]} Rad8 {[%emt 0:00:28]} 25. Rfd1 {[%emt 0:00:36]} Bh6 {[%emt 0:00:29]} 26. Rc2 {[%emt 0:01:22]} Be3+ {[%emt 0:00:02]} 27. Kh1 {[%emt 0:01:20]} Qh5 {[%emt 0:00:04]} 28. Nf3 {[%emt 0:04:25]} Bf5 {[%emt 0:00:13]} 0-1

[Event "Satka Autumn 2018"]
[Site "Satka"]
[Date "2018.09.18"]
[Round "8"]
[White "Charochkina, Daria"]
[Black "Nosacheva, Mariya"]
[Result "1-0"]
[WhiteElo "2336"]
[BlackElo "2073"]
[Annotator "TA"]
[PlyCount "71"]
[EventDate "2018.09.11"]
[EventType "swiss"]
[EventCountry "RUS"]
[SourceTitle "playchess.com"]
[Source "ChessBase"]
[SourceQuality "1"]

{[%evp 28,70,41,34,31,23,17,0,6,0,7,0,62,29,82,91,77,102,139,137,200,195,172,0,121,112,197,178,179,166,197,203,1061,1008,29994,29995,29995,29996,29996,29997,29997,29998,29998,29999,29999]} 1. d4 Nf6 2. c4 g6 3. Nc3 Bg7 4. e4 d6 5. f4 O-O 6. Nf3 c5 7. d5 e6 8. Be2 exd5 9. cxd5 Bg4 10. O-O Nbd7 11. h3 Bxf3 12. Bxf3 Re8 13. g4 h6 {A68: Modern Benoni: Four Pawns Attack without 9...Re8} 14. Qc2 (14. h4 h5 15. g5 Ng4 16. Bxg4 hxg4 17. Qxg4 Bd4+ 18. Kh2 Bxc3 19. bxc3 Rxe4 20. Bd2 Qe7 21. Rae1 {½-½ (40) Ding,L (2714)-Rapport,R (2693) Biel 2013}) 14... c4 15. Be3 {LiveBook: 4 Games} b5 {White is slightly better.} 16. a3 (16. Nxb5 Nxd5 17. Qd2 Nxe3 $15) 16... a5 17. Bf2 $146 ({Predecessor:} 17. Rae1 Rb8 18. e5 dxe5 19. g5 Nh7 20. f5 Nxg5 21. fxg6 fxg6 22. Qxg6 Nxh3+ {½-½ (37) Nguyen,C (2401)-Chudinovskih,A (2263) Marianske Lazne 2013}) 17... Rb8 $1 18. a4 bxa4 19. Rxa4 Qc7 (19... g5 $11) 20. Rfa1 Rb3 (20... g5 $11 {keeps the balance.}) 21. Rxa5 $16 Reb8 22. Ra8 $36 {[%mdl 2048] White has strong initiative.} Nc5 {Black wants to play ...Nd3.} 23. e5 $1 {[%cal Re5f6,Be4e5,Be5e6][%mdl 32]} Ne8 (23... dxe5 $16 24. R1a7 Nb7) 24. Rxb8 Rxb8 25. Ne4 $2 ({White has to play} 25. e6 $1 $18) 25... Nxe4 (25... Nd3 $11) 26. Ra7 $1 {[%cal Ra7c7] [#]} (26. Bxe4 dxe5 27. f5 gxf5) 26... Qc8 (26... Nxf2 $1 $16 {[%mdl 512] was worth a try.} 27. Rxc7 (27. Qxf2 Qd8) 27... Nxh3+ 28. Kh2 Nxf4 29. Rxc4 Bxe5) 27. Qxe4 $18 Rxb2 {[#]} 28. e6 $1 {[%cal Re6f7]} f5 29. gxf5 {Black must now prevent f6!} Rxf2 $2 {[#]} (29... c3 30. Ra1 (30. fxg6 $2 c2 $19) 30... Nf6) 30. f6 $1 ({Stronger than} 30. Kxf2 Qc5+ 31. Kg2 (31. Qe3 $2 Bd4 $19) 31... Qxa7 $17) 30... Qc5 31. f7+ {White mates.} Kh7 {[#]} 32. Qxg6+ $1 {[%mdl 512]} Kxg6 33. fxe8=Q+ Kf5 34. Rf7+ Bf6 {[#]} 35. Rxf6+ $1 {[%mdl 512]} Kxf6 36. Qf7# {Precision: White = 60%, Black = 39%.} 1-0

[Event "Satka Autumn 2018"]
[Site "Satka"]
[Date "2018.09.18"]
[Round "8"]
[White "Makarenko, Alexandra"]
[Black "Trapeznikova, Darya"]
[Result "1-0"]
[WhiteElo "2247"]
[BlackElo "2107"]
[Annotator "NA"]
[PlyCount "79"]
[EventDate "2018.09.11"]
[EventType "swiss"]
[EventCountry "RUS"]
[SourceTitle "playchess.com"]
[Source "ChessBase"]
[SourceQuality "1"]
[TimeControl "40/5400+30:1800+30"]

{[%evp 8,73,47,47,43,18,35,28,0,18,53,32767,70,83,84,76,72,75,109,115,112,85,152,139,197,207,208,114,110,118,149,131,169,147,155,167,165,152,146,159,147,151,141,114,175,150,168,32767,32767,32767,32767,32767,32767,32767,32767,32767,239,256,32767,462,417,404,430,470,495,436,408,476]} 1. e4 {[%emt 0:00:00]} e5 {[%emt 0:00:00]} 2. Nf3 {[%emt 0:00:00]} Nc6 {[%emt 0:00:00]} 3. Bb5 {[%emt 0:00:00]} Nge7 {[%emt 0:00:04]} 4. Nc3 {[%emt 0:00:55]} g6 {[%emt 0:02:31]} 5. d4 {[%emt 0:00:05]} exd4 {[%emt 0:01:34]} 6. Nxd4 {[%emt 0:02:23]} Bg7 {[%emt 0:00:46]} 7. Be3 {[%emt 0:00:07] LiveBook: 30 Games} O-O {[%emt 0:01:36] C60: Ruy Lopez: Unusual Black 3rd moves and 3...g6} 8. Qd2 {[%emt 0:00:47]} (8. O-O d5 9. Nxd5 Nxd5 10. exd5 Nxd4 11. Bxd4 Qxd5 12. Bxg7 Qxd1 13. Raxd1 Kxg7 14. Bd7 Rd8 15. Bxc8 Raxc8 16. f4 Kf6 17. Kf2 Re8 18. Rd4 Rcd8 19. Rfd1 Rxd4 20. Rxd4 {½-½ (20) Brkic,A (2552)-Bosiocic,M (2610) Valpovo 2017}) 8... a6 {[%emt 0:06:27]} 9. Be2 {[%emt 0:01:52]} d6 {[%emt 0:06:49]} 10. O-O-O {[%emt 0:02:08]} b5 {[%emt 0:04:16]} 11. Nxc6 {[%emt 0:06:25]} Nxc6 {[%emt 0:00:21]} 12. Bh6 {[%emt 0:00:46]} Re8 $146 {[%emt 0:09:44]} ({Predecessor:} 12... Be6 13. h4 Bxh6 14. Qxh6 Ne5 15. f4 {1-0 (36) Zboril,R (2332)-Carnevale,R (2279) ICCF email 2010}) 13. Bxg7 {[%emt 0:07:02]} Kxg7 {[%emt 0:00:06]} 14. Nd5 {[%emt 0:01:24]} Bd7 {[%emt 0:12:28]} ({Better is} 14... Rxe4 15. Bf3 Re5) 15. f3 {[%emt 0:03:38]} b4 {[%emt 0:07:14]} 16. h4 {[%emt 0:03:51]} h6 {[%emt 0:07:57]} 17. Nxb4 {[%emt 0:16:03]} ({White should play} 17. Kb1 $18) 17... Nxb4 {[%emt 0:00:14]} 18. Qxb4 {[%emt 0:00:09]} Be6 {[%emt 0:06:10]} 19. Qd4+ {[%emt 0:04:09]} Kg8 {[%emt 0:02:56]} 20. Bc4 {[%emt 0:03:03]} Bxc4 {[%emt 0:00:33]} 21. Qxc4 {[%emt 0:00:04]} Re5 {[%emt 0:00:13]} 22. f4 {[%emt 0:00:48]} Rb5 {[%emt 0:01:42]} 23. a4 {[%emt 0:07:31]} Rb6 {[%emt 0:01:00]} 24. f5 {[%emt 0:05:47]} gxf5 {[%emt 0:03:03]} 25. exf5 {[%emt 0:20:12]} Rab8 {[%emt 0:02:31]} (25... Qf6 $16 {was worth a try.}) 26. b3 {[%emt 0:01:19]} Qf6 {[%emt 0:01:02]} 27. Qg4+ {[%emt 0:02:28]} Kh7 {[%emt 0:00:28]} 28. Qd4 {[%emt 0:00:25]} Qxf5 {[%emt 0:05:22]} 29. Rhf1 {[%emt 0:00:32]} Qg6 {[%emt 0:00:14]} 30. Rf6 {[%emt 0:00:55]} Qg7 {[%emt 0:04:50]} 31. Rdf1 {[%emt 0:00:04]} Kg8 {[%emt 0:03:28]} 32. Qe3 {[%emt 0:07:08]} d5 {[%emt 0:01:47]} 33. Rxf7 {[%emt 0:01:13]} Qxf7 {[%emt 0:00:22]} 34. Rxf7 {[%emt 0:00:04]} Kxf7 {[%emt 0:00:03]} 35. Qf4+ {[%emt 0:00:13]} Kg6 {[%emt 0:01:22]} 36. Qxc7 {[%emt 0:00:47]} R8b7 {[%emt 0:00:14]} 37. Qe5 $18 {[%emt 0:00:25]} Rd7 {[%emt 0:03:04]} 38. Qe8+ {[%emt 0:00:05]} Rf7 {[%emt 0:00:04]} 39. Qg8+ {[%emt 0:00:04]} Rg7 {[%emt 0:00:13]} 40. h5+ {[%emt 0:00:00]} 1-0

[Event "Satka Autumn 2018"]
[Site "Satka"]
[Date "2018.09.18"]
[Round "8"]
[White "Schepetkova, Margarita"]
[Black "Filippova, Darya"]
[Result "0-1"]
[WhiteElo "2238"]
[BlackElo "2061"]
[Annotator "TA"]
[PlyCount "186"]
[EventDate "2018.09.11"]
[EventType "swiss"]
[EventCountry "RUS"]
[SourceTitle "playchess.com"]
[Source "ChessBase"]
[SourceQuality "1"]

{[%evp 12,186,13,0,37,37,33,25,8,0,12,-18,-7,-54,-46,-49,-41,-79,-85,-102,-97,-114,-23,-18,-2,-54,-39,-52,-47,-37,0,-48,0,-25,-45,-30,-34,-91,-85,-97,-104,-141,-108,-96,-129,-129,-35,-135,-143,-154,0,-133,-87,-412,-391,-417,-324,-334,-325,-1338,-1276,-2031,-1733,-29980,-3085,-1516,-2773,-1898,-1259,-1564,-678,-1203,-1158,-1053,-972,-29939,-12850,-10714,-394,-6609,-9212,-6578,-12339,-6215,-6502,-5517,-6170,-5085,-2580,-29964,-29965,-29964,-29966,-29964,-29965,-29963,-29966,-29966,-29967,-29967,-29967,-29967,-29968,-29968,-29967,-29967,-29955,-29958,-29957,-29957,-29944,-29944,-29945,-29938,-12847,-29940,-29940,-29948,-29950,-29951,-29956,-29956,-12846,-29965,-29957,-29957,-29959,-29960,-29960,-29962,-29963,-29961,-29964,-29966,-29964,-29963,-29965,-29964,-29966,-29965,-29967,-29967,-29968,-29968,-29969,-29969,-29970,-29970,-29971,-29971,0,-8,0,-29968,-29970,-29970,-29971,-29971,-29972,-29973,-29974,-29974,-29974,-29975,0,-29973,-29975,-29976,-29977,-29977,-29978,-29978,-29979,-29979,-29980,-29980,-29980]} 1. d4 Nf6 2. c4 e6 3. g3 Bb4+ 4. Nd2 O-O 5. Bg2 d5 6. Ngf3 dxc4 7. Qc2 {LiveBook: 162 Games} a6 {E04: Open Catalan: 5 Nf3} (7... a5 8. a3 Bxd2+ 9. Bxd2 b5 10. a4 c6 11. h4 Na6 12. Ne5 Nb4 13. Bxb4 axb4 14. Nxc6 Qd6 15. Ne7+ Qxe7 16. Bxa8 {½-½ (31) Xu,X (2581)-Wei,Y (2734) Hangzhou 2018}) 8. Qxc4 Be7 9. O-O b5 {White has an edge.} 10. Qc2 Bb7 11. a3 $146 ({Predecessor:} 11. e4 Nbd7 12. e5 Nd5 13. Nb3 c5 14. Bd2 Rc8 15. Ba5 {1-0 (49) Kostelny,J (2213)-Hros,R (2147) Slovakia 2015}) 11... Nbd7 12. e4 c5 $36 {[%mdl 2048] Black is pushing.} 13. e5 Nd5 $1 14. Ne4 {[%cal Re4c5]} cxd4 15. Neg5 {[%csl Gg5][%cal Rc2h7]} g6 16. Qe4 Kg7 ({Black should try} 16... Rc8 $17 17. Qh4 h5 18. Qxd4 Nc5) 17. Qh4 $1 $11 {[%csl Gg5][%cal Rh4h7]} h5 18. Qxd4 (18. Nxd4 $11 Qb6 19. Rd1) 18... Rc8 19. Qd2 Rh8 20. h4 Qb6 21. Qe2 Nc5 22. Be3 Nxe3 23. Qxe3 Na4 24. Qf4 (24. Nxf7 $1 $15 Bxf3 25. Qxb6 Nxb6 26. Nxh8 Bxg2 27. Kxg2) 24... Rhf8 $1 $17 25. Rad1 {With the idea Rd7.} Bd5 26. Rc1 Rc4 $1 {[%cal Rc4f4]} 27. Rxc4 bxc4 28. b4 c3 ({Black should play} 28... a5 $17 29. bxa5 Qxa5) 29. Nd4 (29. Rc1 $15) 29... Bxg5 30. hxg5 {Strongly threatening Bxd5.} Rd8 $2 (30... Bxg2 $1 $17 31. Kxg2 Nb2) 31. g4 (31. Bxd5 Rxd5 32. Nf3 Nb2 $19) (31. Nc6 $11 Bxc6 32. Bxc6) 31... h4 {[%cal Bh5h4,Bh4h3][%mdl 32]} ({Of course not} 31... Bxg2 $6 32. Qf6+ Kg8 33. Nxe6 $11) 32. Bxd5 $2 {[%mdl 8192]} (32. Re1 $17) 32... Rxd5 $19 33. Nf3 h3 {aiming for ...Qc6.} 34. Rc1 Kg8 35. Rc2 $2 (35. Qe3 Qxe3 36. fxe3) 35... Qb5 36. Rc1 Qe2 37. Nd4 Qd2 (37... Rxd4 $142 38. Qe3 Rd1+ 39. Rxd1 Qxg4+ 40. Qg3 Qxd1+ 41. Kh2 c2 42. Qxh3 c1=Q 43. Qg2 Qh5+ 44. Qh3 Qxh3+ 45. Kxh3 Qg1 46. Kh4 Qxf2+ 47. Kh3 Nc3 48. Kg4 Ne2 49. Kh3 Qg3#) 38. Nxe6 fxe6 39. Qf6 Qxc1+ 40. Kh2 Rd7 {And now ...Kh7 would win.} 41. Qxe6+ Kf8 $1 {( -> ...Qf4+)} ({Stronger than} 41... Rf7 42. Qxg6+ Kf8 43. Qd6+ Re7 44. Qf6+ Rf7 45. Qd6+ Kg7 46. Qh6+ Kg8 47. Qg6+ Kf8 48. Qd6+ $11) 42. Qxd7 Qf4+ 43. Kxh3 Qf3+ 44. Kh4 Qxf2+ 45. Kh3 Qe3+ 46. Kh4 Qxe5 {[%cal Re5h2]} 47. Qd8+ Qe8 48. Qd6+ Kg8 49. Qd5+ Kh7 50. Qc4 c2 51. Qc7+ Kh8 52. Qxc2 Qe1+ 53. Kh3 Qc3+ $1 54. Qxc3+ Nxc3 {[%mdl 4096] Endgame KN-KP} 55. Kg3 Nb5 56. a4 Nc3 57. a5 Kg7 58. Kf4 Kf7 59. Ke5 Ke7 60. Kd4 Nb5+ 61. Kd5 Na7 62. Kc5 Kd7 $1 63. Kb6 Nc6 64. Kxa6 Nxb4+ {KN-K3P} 65. Kb6 Kd6 $1 66. Kb7 Nd3 (66... Kc5 $142 67. Kc7 Kb5 68. Kd7 Nd3 69. Ke6 Kxa5 70. Kf6 Nf4 71. Ke5 Ng2 72. Kf6 Nh4 73. Ke5 Kb5 74. Kf4 Ng2+ 75. Kf3 Ne1+ 76. Ke2 Nc2 77. Kd3 Na3 78. Ke4 Nc4 79. Kd5 Ne3+ 80. Ke6 Ng2 81. Kd5 Nh4 82. Kd4 Nf3+ 83. Kd5 Nxg5 84. Ke5 Nh3 85. g5 Kc5 86. Kf6 Nf4 87. Ke5 Nh5 88. Ke4 Kd6 89. Kd3 Ke5 90. Ke3 Ng3 91. Kf3 Nh5 92. Ke2 Kf4 93. Kf2 Ng3 94. Kg1 Kxg5 95. Kg2 Kf4 96. Kf2 g5 97. Ke1 Ne4 98. Ke2 g4 99. Kd3 g3 100. Kd4 g2 101. Kd5 g1=Q 102. Kc4 Qc5+ 103. Kb3 Nd2+ 104. Kb2 Ke4 105. Ka2 Qc2+ 106. Ka3 Qb3#) 67. Kc8 Kc6 68. Kd8 Kb5 69. Ke7 Kxa5 {KN-KPP} 70. Kf6 Nf4 71. Ke5 Ng2 72. Ke4 Kb5 73. Kf3 Ne1+ 74. Ke2 Nc2 75. Kd3 Nb4+ 76. Kd4 Kc6 77. Ke5 Nd5 78. Ke6 Kc5 79. Ke5 Kc4 80. Ke4 Kc5 $2 (80... Nb4 {mates} 81. Ke5 Nd3+ 82. Kf6 Nf4 83. Ke5 Ng2 84. Ke4 Kc3 85. Kf3 Ne1+ 86. Ke4 Nd3 87. Kd5 Kd2 88. Kd4 Nf4 89. Ke4 Nh3 90. Ke5 Ke3 91. Ke6 Nf4+ 92. Ke7 Kf3 93. Kf7 Kxg4 94. Kf6 Kh5 95. Ke5 Kxg5 96. Kd4 Nh3 97. Ke3 Kg4 98. Ke4 Kg3 99. Kd3 Kf3 100. Kc4 g5 101. Kc3 g4 102. Kb4 g3 103. Ka5 g2 104. Kb6 Nf4 105. Kc7 Ke4 106. Kd8 g1=Q 107. Ke7 Nd5+ 108. Kf7 Qg5 109. Kf8 Qe7+ 110. Kg8 Nf6+ 111. Kh8 Qh7#) 81. Ke5 $1 $11 Kc6 $2 {[%mdl 8192]} (81... Ne3 $11 82. Kf6 Nxg4+ 83. Kxg6 Nf2) 82. Ke6 $1 Nf4+ $1 83. Ke5 Ng2 84. Kf6 {[#]} Nh4 $1 85. Ke6 Kc5 86. Ke5 Kc4 87. Ke4 Kc5 88. Ke5 $1 Ng2 {Black mates.} 89. Kf6 Nf4 90. Ke5 Nd5 91. Ke6 {[#]} Kd4 $1 92. Kf7 Nf4 93. Kf6 Ke4 {Precision: White = 47%, Black = 69%.} 0-1

[Event "Satka Autumn 2018"]
[Site "Satka"]
[Date "2018.09.18"]
[Round "8"]
[White "Semenova, Elena"]
[Black "Kovanova, Baira"]
[Result "1-0"]
[WhiteElo "2219"]
[BlackElo "2363"]
[Annotator "TA"]
[PlyCount "63"]
[EventDate "2018.09.11"]
[EventType "swiss"]
[EventCountry "RUS"]
[SourceTitle "playchess.com"]
[Source "ChessBase"]
[SourceQuality "1"]

{[%evp 19,63,-22,0,0,17,-20,-17,-31,-18,-24,-23,-47,16,-16,-20,-15,13,-16,0,0,16,0,40,40,33,32,41,-20,-29,-23,8,14,29,25,29989,29990,29990,29991,29995,29996,29996,29997,29997,29998,29998,29999]} 1. e4 e5 2. Nf3 Nc6 3. d4 exd4 4. Nxd4 Nf6 {[%cal Bg8f6,Bf6d5,Bd5b6][%mdl 32]} 5. Nxc6 bxc6 6. e5 Qe7 7. Qe2 Nd5 8. c4 Nb6 9. Nc3 a5 10. Qe4 {C45: Schottische Partie} (10. Bd2 Ba6 11. b3 Qe6 12. Qe4 O-O-O 13. Be2 Re8 14. O-O Qxe5 15. Qc2 Bd6 16. g3 Bb7 17. Bf3 Qf6 {½-½ (42) Van Foreest,J (2609)-Almasi,Z (2707) Heraklio 2017}) 10... Ba6 {LiveBook: 10 Partien} 11. b3 a4 12. Bd3 $146 {Die Stellung ist ausgeglichen.} ({Vorgänger:} 12. Bd2 g6 13. Bd3 Bg7 14. f4 Qc5 15. Be3 Qb4 16. Bd2 Qc5 17. Be3 Qa3 18. Bc1 Qc5 {½-½ (18) Puhtila,M (2051)-Tommiska,M (2173) Finland 2017}) 12... g6 $1 13. O-O Bg7 $1 14. Bd2 O-O 15. f4 ({Jedoch nicht} 15. bxa4 $2 Qxe5 16. Rac1 Qxe4 $19) 15... Bb7 ({Besser ist} 15... f6 $15) 16. Qf3 axb3 17. axb3 d5 18. exd6 cxd6 19. Rae1 Qd8 20. Ne4 c5 21. f5 $36 {[%mdl 2048] Weiss hat Initiative.} Ra2 {[#] zielt auf ...Txd2! ab.} 22. Bc1 Nd7 23. Bb1 ({Lieber} 23. Qh3 $1 $14) 23... Ra1 $1 $11 {...Se5 ist eine echte Drohung.} 24. Bd2 Qa8 {Droht stark ...Txb1!} 25. f6 Bh8 $1 {Droht ...Txb1! und aus.} 26. Qh3 $1 {Schwarz muss nun Sg5 beachten.} Rd8 $2 {[%mdl 8192]} (26... Rxb1 $11 27. Ng5 h5 28. Rxb1 Bxf6) 27. Ng5 {[%cal Be4g5,Bg5h7,Bh7g5][%mdl 32] Weiß setzt Matt.} h5 {[#]} 28. Bxg6 $1 {[%mdl 512]} Rxe1 (28... fxg6 29. Qe6+) 29. Bxf7+ Kf8 30. Nh7+ Kxf7 31. Qxh5+ Ke6 32. Ng5+ {Precision: Weiß = 53%, Schwarz = 39%.} 1-0

[Event "Satka Autumn 2018"]
[Site "Satka"]
[Date "2018.09.18"]
[Round "8"]
[White "Mukhina, Jana"]
[Black "Voit, Daria"]
[Result "1/2-1/2"]
[WhiteElo "2072"]
[BlackElo "2369"]
[Annotator "TA"]
[PlyCount "80"]
[EventDate "2018.09.11"]
[EventType "swiss"]
[EventCountry "RUS"]
[SourceTitle "playchess.com"]
[Source "ChessBase"]
[SourceQuality "1"]

{[%evp 19,80,29,33,33,37,28,38,33,38,36,36,29,30,24,20,2,19,0,0,0,0,0,5,0,7,8,24,0,0,-10,0,-11,0,0,0,-27,-27,-27,-27,-41,-4,-4,-6,-4,0,0,0,0,0,0,0,0,0,0,0,0,0,0,0,0,0,0,0]} 1. e4 c5 2. Nf3 d6 3. Bb5+ Nc6 4. O-O Bd7 5. Re1 a6 6. Bxc6 Bxc6 7. d4 cxd4 8. Nxd4 Rc8 {B51: Sicilian: Moscow Variation (3 Bb5+) without 3...Bd7} (8... Bd7 9. c4 e6 10. b3 Nf6 11. a4 Be7 12. Nc3 Qa5 13. Qd2 Rd8 14. Ba3 Bc8 15. Rad1 Qc7 16. h3 {½-½ (56) Timofeev,A (2579)-Fedoseev,V (2706) Sochi 2018}) 9. Nxc6 Rxc6 10. Nc3 e6 {LiveBook: 6 Games. White has an edge.} 11. Qd4 Nf6 12. Nd5 $146 ({Predecessor:} 12. Bg5 Be7 13. Rad1 Qc7 14. h3 O-O 15. Bh4 b5 16. a3 {½-½ (72) Krstonijevic,S (2197)-Todorovic,J (2390) Veliko Gradiste 2017}) 12... Be7 13. Nxe7 Qxe7 14. c4 O-O 15. b3 b5 16. cxb5 axb5 17. Bg5 h6 18. Bxf6 Qxf6 19. Qxf6 gxf6 $11 {[%mdl 4096] Endgame KRR-KRR} 20. Rac1 Ra6 21. Rc2 Rfa8 22. Ree2 Kg7 23. Kf1 Kg6 24. Rc7 R8a7 25. Rcc2 e5 26. Red2 f5 27. Rd5 fxe4 28. Rcd2 Rxa2 29. Rxd6+ Kf5 {And now ...Rxd2 would win.} 30. Rxa2 {The position is equal.} Rxa2 31. Rxh6 {KR-KR} e3 32. fxe3 Ke4 33. Rf6 Kxe3 {[%cal Ra2a1] [#]} 34. Rf3+ Kd4 35. Rxf7 e4 36. h4 Ra1+ 37. Ke2 Ra2+ 38. Kf1 Ra1+ 39. Ke2 Ra2+ 40. Kf1 Ra1+ {Precision: White = 63%, Black = 66%.} 1/2-1/2

[Event "Satka Autumn 2018"]
[Site "Satka"]
[Date "2018.09.18"]
[Round "8"]
[White "Mironenko, Galina"]
[Black "Smirnova, Ekaterina"]
[Result "1/2-1/2"]
[WhiteElo "2021"]
[BlackElo "2202"]
[Annotator "TA"]
[PlyCount "80"]
[EventDate "2018.09.11"]
[EventType "swiss"]
[EventCountry "RUS"]
[SourceTitle "playchess.com"]
[Source "ChessBase"]
[SourceQuality "1"]

{[%evp 19,80,-22,13,-22,0,-8,0,-14,-14,-14,-12,-21,-7,-7,-8,-19,4,4,7,7,4,6,12,6,6,6,6,6,6,0,6,0,20,6,27,10,51,6,13,0,0,0,27,0,31,0,0,0,0,0,0,0,0,0,0,0,0,0,0,0,0,0,0]} 1. d4 d5 2. Nf3 Nf6 3. g3 Bg4 4. Bg2 e6 5. O-O Nbd7 6. c4 c6 7. b3 Be7 8. Bb2 O-O 9. Nbd2 h6 10. Ne5 {D11: Slav Defence: 3 Nf3 sidelines and 3...Nf6 4 e3 Bg4} (10. Qc2 Bf5 11. Qc3 b5 12. Ne5 Rc8 13. Nxd7 Qxd7 14. c5 Ne4 15. Nxe4 dxe4 16. f3 Qd5 17. fxe4 Bxe4 18. Bxe4 Qxe4 {0-1 (38) Rakhmanov,A (2640)-Navara,D (2730) Minsk 2015}) 10... Bf5 {LiveBook: 4 Games} 11. h3 Bh7 12. Re1 Rc8 $146 (12... a5 {seems wilder.} 13. Nxd7 Qxd7 14. a3 Ne4 15. Nxe4 Bxe4 16. Bxe4 dxe4 17. Qc2 f5) ({Predecessor:} 12... Qc7 13. Nxd7 Qxd7 14. e3 a5 15. a3 b5 16. Nf3 bxc4 17. bxc4 Qb7 {0-1 (37) Nilsson,J (2091)-Schitco,I (2210) Stockholm 2015}) 13. e4 (13. Nxd7 {is interesting.} Qxd7 14. e3 Rfd8 15. Rc1 Qc7 16. Qe2) 13... Nxe5 14. dxe5 Nxe4 15. Nxe4 Bxe4 16. Bxe4 dxe4 17. Rxe4 Qxd1+ 18. Rxd1 Rfd8 19. Red4 Rxd4 20. Rxd4 $11 {[%mdl 4096] Endgame KRB-KRB} Rd8 21. Kg2 h5 22. Rxd8+ Bxd8 {KB-KB} 23. Bd4 a6 24. Kf3 Kf8 25. Ke4 Ke8 26. Bc5 g6 27. Bd4 Be7 28. Be3 Bb4 29. g4 hxg4 30. hxg4 Be7 31. f4 Kd7 32. f5 gxf5+ {The position is equal.} 33. gxf5 Bh4 34. Bb6 Bg3 35. Bc5 Bh2 36. Bb6 Bg3 37. Bc5 Bh2 38. Bb6 Bg3 39. Bc5 Bh2 40. Bb6 Bg3 {Precision: White = 16%, Black = 51%.} 1/2-1/2